[Event "CCA-ICC op"]
[Site "Lake George"]
[Date "2005.05.12"]
[Round "3"]
[White "Atalik, Suat"]
[Black "De Firmian, Nick E"]
[Result "1/2-1/2"]
[WhiteElo "2561"]
[BlackElo "2549"]
[Annotator "Atalik,S"]
[PlyCount "84"]
[EventDate "2005.05.11"]
[EventType "swiss"]
[EventRounds "9"]
[EventCountry "USA"]
[SourceTitle "CBM 107"]
[Source "ChessBase"]
[SourceDate "2005.08.01"]
[SourceVersion "1"]
[SourceVersionDate "2005.08.01"]
[SourceQuality "1"]

1. c4 c5 2. Nf3 Nf6 3. Nc3 Nc6 4. d4 cxd4 5. Nxd4 e6 6. Bf4 $5 {This system is
as useless as} (6. Ndb5 d5 7. Bf4 e5 8. cxd5 exf4 9. dxc6 bxc6 10. Qxd8+ Kxd8
$11) (6. a3 $142 Be7 7. Nf3 O-O 8. e4 $14 {If white wants to open the game in
this way he has to learn about this line.}) 6... d5 $1 (6... Bb4 $6 7. Ndb5 O-O
8. Bc7 (8. Bd6 Bxd6 9. Nxd6 Qb6 10. Qd2 $14) 8... Qe7 9. Bd6 Bxd6 10. Qxd6 $14
{gives white what he wants.}) 7. cxd5 Nxd5 8. Nxc6 bxc6 9. Bd2 Bb4 10. Nxd5
Bxd2+ 11. Qxd2 cxd5 (11... exd5 $6 12. g3 $1 O-O 13. Bg2 Re8 14. O-O $14) 12.
b4 $5 $146 {I waited to play this move almost for 25 years. It is amazing that
noone has tried it. However it looks toothless. Obviously it shows the
drawbacks of children's mind.} (12. e3 O-O 13. Bd3 Qb6 14. O-O Ba6 15. Bxa6
Qxa6 $11 {is one of this positions Kortschnoj was hitting his head to the wall
for all these years even he had switched to 6.a3!}) 12... O-O $6 {Nick has
shrugged his shoulders and played for the center.} (12... Ba6 13. a4 Bc4 14. g3
Qf6 15. Rb1 O-O 16. Bg2 $11) 13. e3 e5 14. Be2 d4 15. exd4 exd4 16. Rd1 $14 {
White has some advantage now. Nick came up first with some surprise.} Bb7 $5 (
16... Be6 17. O-O Qb6 18. a4 $36) 17. O-O Qe7 18. Rfe1 Rad8 19. Bf1 {To retain
my adavantage I have to avoid bishops exchange.} (19. Bf3 Qd7 20. Bxb7 Qxb7 21.
Qb2 Qd7 $1 $11 (21... Qa6 $2 22. Rxd4 Rxd4 23. Qxd4 Qxa2 24. Ra1 Qb3 25. h3 $18
) (21... Qb6 $2 22. Re4 Rfe8 23. Qxd4)) 19... Qd6 20. Qb2 (20. Re3 $6 Rd7 21.
Rg3 Qf6 22. Rg4 Rfd8 $11 {holds the pawn so it looks ridiculous for white.})
20... Rd7 21. Rd3 $1 (21. Rd2 $6 Qf4 22. b5 Rd6 23. a4 $140 $2 Rh6 24. h3 Rxh3
$1 25. gxh3 Qf3 26. Kh2 g5 $1 $19 {annoyed me.}) 21... Rfd8 22. h3 h6 23. Rg3
$2 {The start of an absolutely ridiculous and self destructive plan.} (23. a4
$14) 23... Re7 $1 $36 24. Rd1 Be4 25. b5 Rc7 $1 26. Bd3 $2 {I have already
forgotten about the advantage and so I tried to equalize immediately which was
a wrong policy in this particular position. I had to keep the bishops on.} (26.
Rd2 $142 $15) 26... Bxd3 27. Rgxd3 {Draw offer.} Rc4 {Nick has rightfully
declined mine offer.} 28. Qa3 $1 Qc7 (28... Qb6 29. Qe7) 29. g3 $6 (29. Qb3 Qc5
(29... Rd5 30. a4) 30. a4 $15) 29... Rd7 30. h4 h5 31. Rf3 $1 Qe5 32. Qb3 $6 {
Another bad move, now his d pawn started to become very strong!} (32. Qd3 Rc3 (
32... Qxb5 33. Rb1) 33. Qf5 Qxf5 34. Rxf5 d3 35. Rxh5 Rc2 $11) 32... Rdc7 (
32... Qe2 33. a3 Rc5 34. Qd3 Qe5 35. Rf4 Rc3 36. Qe4 $1 $11) 33. b6 $1 $132 {
I have used the moment to exchange this overextended pawn.} axb6 34. Qxb6 Qe2
$1 {Looks killing but white has a defence.} (34... Rc1 35. Rfd3 Rxd1+ 36. Rxd1
Rd7 37. Qc6 Qf5 38. a4 d3 39. a5 d2 40. a6 Qd3 41. Qa4 $11) 35. Rfd3 $1 Rc2 (
35... Rc1 36. Qxd4 Qxa2 $11) 36. Qxd4 Rd7 37. Qe3 {This possibility saves the
day for white.} Qxd1+ (37... Qxe3 38. fxe3 Rxd3 39. Rxd3 $11) 38. Rxd1 Rxd1+
39. Kg2 Rd8 $1 40. a4 (40. Qg5 $2 Rdd2 $17) 40... Rdc8 $2 $138 {The notorius
40th move. However even after the best attacking scheme by black white has
means to draw this precarious looking ending.} (40... g6 $142 41. g4 $1 {
Trying to exchange the pawns around black's king is the best for the defending
side with the queen.} (41. Qe7 $6 Rd5 42. Qa7 Rcc5) 41... Rd5 $1 (41... hxg4 $6
42. h5 $11) 42. Qe4 Rcc5 (42... Rdc5 $6 43. gxh5 $11) (42... Rcd2 43. g5 R2d4
44. Qe8+ Kg7 45. Qc6 Rf5 46. Qc3 Rff4 47. a5 $132) 43. g5 $1 {After this the
pawn endgame is draw. A very well known trick.} Rf5 44. f3 Ra5 45. Kg3 Ra7 46.
Qd4 Rfa5 47. Qe4 Rxa4 48. Qe8+ Kg7 49. Qe5+ Kh7 50. Qe8 R4a5 51. Qe4 Rf5 52.
Qc6 Ra3 53. Qe4 $11 {Since} Raxf3+ 54. Qxf3 Rxf3+ 55. Kxf3 Kg7 56. Ke4 $11 {
Black can never gain the opposition after the liquidation of his f pawn for
white's g. It is important to know this classical endgame positions.}) 41. a5
R2c6 42. Qa7 $1 $11 {Now he can never use his rooks efficiently to make a4
fall.} R6c7 1/2-1/2

[Event "TUR-chT"]
[Site "Kocaeli"]
[Date "2008.06.24"]
[Round "2"]
[White "Atalik, Suat"]
[Black "Atakisi, Umut"]
[Result "1/2-1/2"]
[WhiteElo "2592"]
[BlackElo "2365"]
[Annotator "Atalik,S"]
[PlyCount "82"]
[EventDate "2008.06.24"]
[EventType "team"]
[EventRounds "15"]
[EventCountry "TUR"]
[SourceTitle "CBM 125"]
[Source "ChessBase"]
[SourceDate "2008.07.30"]
[SourceVersion "1"]
[SourceVersionDate "2008.07.30"]
[SourceQuality "1"]

1. Nf3 c5 2. c4 Nc6 3. d4 cxd4 4. Nxd4 Nf6 5. Nc3 e6 6. a3 {This is the most
challenging move.} Be7 7. e4 O-O 8. Nf3 $1 ({Preventing} 8. Be2 d5 $1 $11) 8...
b6 9. Bf4 d6 10. Be2 Bb7 11. O-O Ne5 (11... Ng4 12. Qd2 Nge5 13. Rfd1 $14) 12.
Nd2 Ng6 13. Bg3 d5 $6 (13... Qc7 14. Re1 Rad8 15. Bf1 Qb8 16. Qe2 $14) 14. cxd5
exd5 15. e5 Ne4 (15... Nd7 16. Nf3 $16) 16. Ndxe4 dxe4 17. Qa4 a6 $5 {A move I
did not appreciate much during the game.} (17... e3 18. f4 (18. fxe3 $2 Qd2 19.
Qd4 Rad8 20. Qxd2 Rxd2 $40) 18... Bh4 (18... Nh4 $2 19. f5 $1 Nxg2 20. Rad1 Qe8
21. Rd7 Bc8 22. Rd5 $16) 19. Rad1 $16) (17... Qd2 18. Rab1 Bh4 19. Rfd1 Qg5 20.
Nxe4 Bxe4 21. Qxe4 Bxg3 22. hxg3 $16) 18. Rad1 $2 {Insanity! I do not pick up
a pawn for no reason at all.} (18. Nxe4 b5 (18... Nxe5 19. Bxe5 Qd5 20. Bxg7
Kxg7 21. Bf3 $16) 19. Qc2 Rc8 20. Qd3 (20. Nc3 Qb6 $44) 20... Qb6 21. Nd6 Bxd6
22. exd6 f5 23. Bh5 $1 $18) 18... Qe8 19. Qd7 (19. Qb3 Bd8 $132) 19... Bc6 (
19... Qxd7 20. Rxd7 Bc6 21. Rc7 Rfc8 22. Rxc8+ Rxc8 23. Bxa6 Rd8 24. Rd1 Rxd1+
25. Nxd1 Bc5 26. Bc4 $16) 20. Qf5 Bh4 $1 {I did not see this move before he
contemplated it.} 21. Nxe4 Bxg3 22. hxg3 Qxe5 23. Qxe5 Nxe5 24. Nd6 Rfd8 25. f4
Ng6 26. Bc4 Rd7 27. Bb3 (27. f5 $2 Ne5 28. Rfe1 Ba4 $1 $36) 27... b5 $1 (27...
Kf8 28. Nc4 $40) 28. f5 (28. Rfe1 Kf8 29. f5 Rad8 $1 30. fxg6 hxg6 31. Nxf7
Rxd1 32. Bxd1 Kxf7 33. Bb3+ Bd5 34. Rd1 Ke6 $11) 28... Ne5 29. Rfe1 Rad8 30.
Rxe5 Kf8 (30... Rxd6 {was also possible.} 31. Rxd6 Rxd6 32. Re7 Rd2 33. Rxf7
Rxg2+ 34. Kf1 Rxb2 35. Be6 Bg2+ 36. Ke1 $11) 31. Rc5 (31. Bxf7 Rxd6 (31... Rxf7
$2 32. Rd4 $16) 32. Rxd6 Rxd6 33. Bh5 Rd2 34. Re2 Rxe2 35. Bxe2 Ke7 36. Kf2 Kf6
37. g4 Ke5 38. Bf3 Bd7 39. Ke3 g6 40. Bb7 a5 41. b4 axb4 42. axb4 gxf5 43. gxf5
h5 $11) 31... Rxd6 32. Rxc6 Rxd1+ 33. Bxd1 Rxd1+ 34. Kh2 Rd3 35. Rxa6 Rb3 $1
$11 36. g4 h6 37. f6 gxf6 38. Rxf6 Rxb2 39. Rxh6 b4 {White has won a pawn but
the amount of material left does not allow more than a draw.} 40. axb4 Rxb4 41.
Kh3 Kg7 1/2-1/2

[Event "Olympiad-37"]
[Site "Turin"]
[Date "2006.05.24"]
[Round "4"]
[White "Atalik, Suat"]
[Black "Short, Nigel D"]
[Result "1/2-1/2"]
[WhiteElo "2632"]
[BlackElo "2677"]
[Annotator "Atalik,S"]
[PlyCount "74"]
[EventDate "2006.05.21"]
[EventType "team-swiss"]
[EventRounds "13"]
[EventCountry "ITA"]
[SourceTitle "CBM 113"]
[Source "ChessBase"]
[SourceDate "2006.07.31"]
[SourceVersion "1"]
[SourceVersionDate "2006.07.31"]
[SourceQuality "1"]
[WhiteTeam "Turkey"]
[BlackTeam "England"]
[WhiteTeamCountry "TUR"]
[BlackTeamCountry "ENG"]

1. d4 e6 2. Nf3 $5 {I am always ready to play g3 line in Nimzo when the
central pawns are exchanged.Perhaps too dogmatic.} c5 3. c4 cxd4 4. Nxd4 Nf6 5.
Nc3 Bb4 6. g3 O-O 7. Bg2 Nc6 8. O-O Qe7 $5 9. Na4 $5 Rd8 $5 {I was expecting
some Tarrasch type of play from Nigel.} (9... d5 10. a3 (10. cxd5 exd5 {
leads also same type of play.}) 10... Bd6 11. cxd5 exd5 12. Nc3 Be5 13. Be3 $14
) 10. a3 Bd6 11. b4 (11. Nb5 Be5 12. f4 Bb8 13. c5 d5 14. cxd6 Bxd6 $13) 11...
Be5 12. Bb2 Bxd4 13. Bxd4 Nxd4 14. Qxd4 d6 15. Nc3 (15. Rfd1 Bd7 16. b5 (16.
Nc3 Bc6 17. e4 $13 {is not my type of position.}) 16... Be8 $132) 15... e5 $1
16. Qh4 $2 {I have become to ambitious and thus I did not notice the real
danger in the position.} (16. Nd5 Nxd5 17. Qxd5 Rb8 $11) (16. Qd3 Be6 17. Rac1
Rac8 18. Nd5 $11) 16... Be6 17. Ne4 Rd7 {White has ended up with an extremely
weak c4 pawn.} 18. c5 (18. Rfd1 Nxe4 $1 (18... Rc8 19. c5 Nxe4 20. Qxe7 Rxe7
21. cxd6 $11) 19. Qxe7 Rxe7 20. Bxe4 Bxc4 21. Rxd6 Bxe2 22. Rc1 $44) 18... Nxe4
19. Qxe7 {Draw offer.How could I offer a draw to nigel in a clearly worse
position?} (19. Qxe4 $2 dxc5 20. Qxe5 c4 $17) 19... Rxe7 20. Bxe4 dxc5 21. bxc5
f5 22. Bg2 Rc8 23. Rfb1 $1 e4 24. Rc1 $3 {Now white hooks his counterplay on
e4 pawn ina very subtle way.} Bd5 25. f3 Rc6 (25... Rec7 26. fxe4 fxe4 27. Bh3)
26. fxe4 fxe4 27. Rab1 Kf7 28. Kf2 Rec7 (28... e3+ 29. Kg1 $11) 29. Ke3 Rxc5 (
29... Rh6 30. h3 Rg6 31. g4 h5 32. Rf1+ $11) 30. Rxc5 Rxc5 31. Bxe4 Bxe4 32.
Kxe4 $11 {By some superb play white has repaired his early mistake in the game.
} b6 33. Kd4 Ke6 (33... Rc2 34. Kd3 Ra2 35. Rb3 Ke6 36. h4 Kf5 37. e4+ Ke5 38.
Rb5+ Ke6 39. Rb3 $11) 34. a4 Rd5+ 35. Kc3 Rh5 36. h4 Re5 37. Kd3 Rd5+ 1/2-1/2

[Event "Olympiad-38"]
[Site "Dresden"]
[Date "2008.11.22"]
[Round "9"]
[White "Sargissian, Gabriel"]
[Black "Avrukh, Boris"]
[Result "1-0"]
[WhiteElo "2642"]
[BlackElo "2657"]
[Annotator "Avrukh,B"]
[PlyCount "125"]
[EventDate "2008.11.13"]
[EventType "team-swiss"]
[EventRounds "11"]
[EventCountry "GER"]
[SourceTitle "CBM 128"]
[Source "ChessBase"]
[SourceDate "2009.01.28"]
[SourceVersion "1"]
[SourceVersionDate "2009.01.28"]
[SourceQuality "1"]
[WhiteTeam "Armenia"]
[BlackTeam "Israel"]
[WhiteTeamCountry "ARM"]
[BlackTeamCountry "ISR"]

1. Nf3 c5 2. c4 Nc6 3. d4 cxd4 4. Nxd4 Nf6 5. Nc3 e6 6. g3 Qb6 7. Ndb5 Ne5 8.
Bf4 Nfg4 9. Qa4 $5 {A very interesting idea, that was first played by Aronian,
but most probably found by Gabriel, who has been coaching Levon for many years.
} ({The normal continuation has always been} 9. e3 {, but everybody knows ,
that Black is fine after} a6 $1) 9... a6 $5 $146 {Unfortunately I had only one
day for preparation, also this variation was one of a few possible lines my
opponent can choose, while I believe this variation has been deeply
investigated by Aronian's camp. Anyway I believe I found a quite interesting
idea, that might give Black a reasonable game.} ({The model game here is} 9...
g5 10. Bxe5 Nxe5 11. O-O-O a6 12. e3 Rb8 13. Nd4 Qc7 14. Be2 Be7 {with very
complex struggle Aronian,L (2739)-Leko,P (2753)/Morelia/Linares 2008. Also
it's quite obvious, that my opponent had prepared some improvement over this
game.}) (9... Qxf2+ {looks extremely risky:} 10. Kd2 {for example:} Qc5 11. Ne4
$1 Qc6 (11... Nxc4+ $2 12. Kc3 $1 $18) 12. Bg2 $1 {and White has powerful
compensation for being a pawn down.}) 10. f3 {The best reply.} ({Another
natural option is} 10. h3 {Here is the line I prepared at home:} Qxf2+ (10...
g5 {might be an interesting alternative as well.}) 11. Kd2 ({In the event of} 
11. Kd1 Ne3+ 12. Bxe3 Qxe3 13. Nc7+ Kd8 14. Nxa8 Qd4+ 15. Ke1 ({Clearly worse} 
15. Kc2 Nxc4 16. Rd1 Ne3+ 17. Kc1 Qxa4 18. Nxa4 Nxd1 19. Kxd1 b5 20. N4b6 Bb7
21. Rh2 Bc5 {and White is lost with such ugly knights.}) 15... Bc5 $44 {
Black has a serious initiative.}) 11... Rb8 ({Also wortho considering is} 11...
axb5 12. Qxa8 Nxc4+ 13. Kc2 Nb6 14. Qa5 Nf6 15. Qxb5 Nbd5 $44) 12. Nc7+ Kd8 13.
hxg4 Bd6 14. Nxe6+ (14. Be3 {leads to a draw after} Nf3+ $1 15. Kd3 Ne5+ $11)
14... dxe6 {and Black seems to me alright in this messy position.}) 10... g5 $1
{The point of Black's previous move.} ({Absolutely senseless} 10... Qf2+ $2 11.
Kd1 {[%csl Ge5,Gg4] and Black loses material.}) 11. Bxg5 f6 ({Much worse would
have been} 11... Ne3 $2 12. Nc7+ Qxc7 13. Bxe3 Nxc4 14. Bd4 Rg8 15. e3 $16) 12.
Bf4 Ne3 {I still was following my preparation. Black doesn't get a
satisfactory position after} (12... Nf2 13. Nc7+ Qxc7 14. Kxf2 Qb6+ 15. Be3
Qxb2 16. Qb3 $1 {and White is better after both} Qa3 ({and} 16... Qxa1 17. Bg2
Qxh1 18. Bxh1 Be7 19. c5 $1 $16) 17. Bd4) 13. Nc7+ Qxc7 14. Bxe3 Nxc4 {Here I
decided to go for more complicated play, while} (14... Qxc4 {was a worthy
alternative, for example} 15. Bd4 (15. Qxc4 Nxc4 16. Bd4 Kf7 17. O-O-O b5 {
leads to a normal position for Black.}) 15... b5 {This move is stronger than} (
15... Bb4 16. Qd1 $1 {and Black's queen is obviously misplaced on c4.}) 16.
Qxc4 bxc4 {And now the critical line runs} 17. f4 (17. Bg2 Bb7 {leads to an
unclear position.}) 17... Bb7 18. Rg1 Nc6 19. Bxf6 Bc5 20. Bxh8 Bxg1 $44 {
and Black has good compensation for the pawn.}) 15. Bf4 Qc5 $6 {As often
happens the very first move played over the board appears to be a serious
inaccuracy.} ({I didn't like the position after} 15... Qc6 16. Qxc6 bxc6 17. e4
Ne5 18. Kf2 {there is nothing dangerous for Black , but White is obviously
slightly better.}) ({The correct continuation would have been} 15... e5 $1 16.
Bc1 ({Black is not worse after} 16. Nd5 Qc6 17. Qxc6 bxc6 18. Nxf6+ ({Risky
for White} 18. Nc7+ Kd8 19. Nxa8 Bb4+ 20. Kd1 exf4 21. e4 Ne3+ 22. Ke2 Nxf1 23.
Rhxf1 Bc5 $1 $17 {and White cannot save his knight.}) 18... Kf7 19. Bg5 Bb4+
20. Kf2 h6 (20... Bc5+) 21. Rc1 d5 22. Bh4 {and Black has at least a draw:}
Bc5+ 23. Ke1 Bb4+ $11 (23... Be3 $5)) 16... Qc6 17. e4 b5 18. Qb3 Bb7 {with a
very complicated double-edged game, for example} 19. a4 Na5 20. Qd1 Bb4 21. Bh3
d5 $1 {and Black should be OK here}) 16. Ne4 $1 Qb4+ 17. Qxb4 Bxb4+ 18. Kf2 f5
$2 {Unfortunately I misjudged the position, that has arisen after my 23th move
and went for the forced line. Instead I should have played} (18... Kf7 19. e3
d5 20. Bxc4 dxc4 21. Bd6 Ba5 22. Bc5 $14 {and though White is slightly better
here, Black's position seems to me pretty defendable.}) 19. b3 $1 ({This is
much stronger than} 19. e3 fxe4 20. Bxc4 b5 21. Be2 Bb7 {and White has nothing
special.}) 19... fxe4 20. bxc4 b5 21. Rb1 Bc5+ {A tempting continuation, but
most probably better was} (21... Be7 22. fxe4 ({Black manages to equalise after
} 22. Bg2 O-O 23. Rhc1 Bb7 24. cxb5 axb5 25. Rxb5 Bc6 26. Rh5 exf3 27. Bxf3
Bxf3 28. Kxf3 Rxa2 29. Rc7 Rd8 $11) 22... O-O 23. e5 Bc5+ 24. e3 Bb7 25. Rg1 b4
$14 {and I believe Black has reasonable chances to hold this endgame.}) 22. Be3
Be7 23. Bg2 O-O 24. f4 $1 {[%csl Ge4] Somehow I simply forgot about this
natural move. Now Black faces serious problems in this endgame.} bxc4 {I also
examined two other options, but neither of them appealed to me:} (24... Bb7 25.
cxb5 axb5 26. Rxb5 Bc6 27. Rb2 Ra4 28. Rc2 Rfa8 {it looks like Black has
definite positional compensation, but after} 29. Rd1 Rxa2 30. Rxc6 $1 dxc6 31.
Rd7 Kf8 32. Bxe4 $16 {White is clearly better.}) (24... d5 25. cxd5 exd5 26.
Rbc1 Be6 27. Bc5 $1 Rf7 28. Rhd1 $16 {and this position looks very unpleasant
for Black.}) 25. Bxe4 d5 26. Bf3 Bf6 27. Bc5 $1 {A very strong idea.} ({
Black would be OK after} 27. Rhd1 Bd7 $14) 27... Rf7 28. e4 Rc7 29. Be3 d4 {
The alternative would be} (29... Bb7 30. e5 Bg7 (30... Be7 {runs into the
unpleasant} 31. f5 $1) 31. Rb6 Re8 32. Bd4 Bc8 33. Rhb1 $16 {and it's hard to
believe Black can hold this endgame.}) 30. e5 dxe3+ 31. Kxe3 Raa7 32. exf6 Kf7
{Black regains the pawn, but his position appears to be strategically very
difficult , due to the weakness of his pawns, especially c4, and the passivity
of his pieces.} 33. Rhc1 Rc5 ({In the event of} 33... Kxf6 34. Be2 c3 35. Rb3
$16 {Black loses his c-pawn.}) 34. Kd4 Rac7 35. Rc3 $1 {Obviously White
shouldn't allow Black to push forward his c-pawn.} Kxf6 36. Be4 Ra5 ({Again} 
36... h5 37. Rb4 $1 {loses the c4-pawn.}) 37. Rb2 $6 {I believe this is the
only slight inaccuracy commited by Gabriel in this game.} ({Better would have
been} 37. a3 $142 {anyway it is essential for White to put his pawn on a3 in
order to free his second rook from defending the a2-pawn.} h5 38. Rb6 $16)
37... Ra4 $2 $138 {In general my last move is wrong, as my rook will be out of
play on a4. Unfortunately I didn't exploit my chance} (37... h5 $1 {this move
is very strong , somehow it's not easy for White to make any progress} 38. Rxc4
(38. Rbc2 Bd7 {and now the forced line} 39. Rxc4 Rxc4+ 40. Kxc4 Ra4+ 41. Kd3
Bb5+ 42. Ke3 Bc4 {promises Black good chances to escape.}) ({If White executes
the same idea like in the game} 38. h3 Rb5 39. Rf2 Ra5 40. g4 {Black is just
in time to create counterplay} Rd7+ 41. Ke3 (41. Kxc4 Ra4+ 42. Kb3 Rxe4 43.
Rxc8 Rd3+ $11) 41... Bb7 $1) (38. a3 {also allows Black to get some activity.}
Rd7+ 39. Ke3 Rd1 $132) 38... Rxc4+ 39. Kxc4 e5 $1 40. fxe5+ Kxe5 41. Bb1 Be6+
42. Kc3 Rc5+ 43. Kd2 Ra5 $14 {and Black has good chances to hold this.}) 38. g4
$1 {A very strong positional idea. White grabs even more space on the kingside
chasing off Black's king from the f6-square.} h6 39. h4 Kg7 40. g5 {Now White
is strategically winning. Gabriel converted his advantage very convincingly
into the full point.} Rd7+ 41. Ke3 Rc7 42. a3 {White could have won a pawn
already by means of} (42. Bc2 Ra5 43. Bd3 $1 Rac5 44. Rbc2 $18 {, but the game
continuation is good enough.}) 42... Ra5 43. Rb4 Bd7 44. Rb6 Bc8 45. Rb4 {
White repeats the position to gain some extra time.} Bd7 46. Kd4 Bb5 47. Bc2
Rf7 48. Ke3 Bd7 49. Rb6 $5 ({White doesn't allow Black any activity, though
after} 49. Rbxc4 e5 50. g6 $1 exf4+ 51. Kf3 Re7 52. Rc5 $16 {White should be
winning.}) 49... Bc8 (49... hxg5 {doesn't help either:} 50. fxg5 Rf1 51. Rb7
Re5+ 52. Kd2 Rf2+ 53. Kc1 Rf1+ 54. Kb2 Rb5+ 55. Rxb5 axb5 56. h5 $18) ({
, nor does} 49... Re7 50. Rb7) 50. Rc6 Bd7 51. Rd6 ({Once again White avoids
any possible activation of Black's forces} 51. R6xc4 e5 $1) 51... Bc8 52. Be4
Rc5 53. Rb6 Ra5 $6 {This is not the most pleasant position to defend in
permanent time trouble. My last move slightly eases White's task, but even in
the event of} (53... Rfc7 54. Kd4 $1 {Black cannot hold out for long.}) 54. Rc6
Bd7 55. Rc7 $1 $18 {Now Black unavoidably loses the c4-pawn and the rest is
very easy and doesn't require any special comments.} hxg5 {Just an agony.} 56.
fxg5 $1 Be8 57. R7xc4 Rb5 58. Rc8 Bd7 59. Rd8 Ra5 60. g6 Re7 61. Rc7 Rxa3+ 62.
Kd2 Ra2+ 63. Kc1 1-0